PARISTHITHI PARICHAYAKOSHAM (Record no. 1237)
[ view plain ]
| 000 -LEADER | |
|---|---|
| fixed length control field | 00431nam a22001457a 4500 |
| 082 ## - DEWEY DECIMAL CLASSIFICATION NUMBER | |
| Classification number | 894-812 |
| Item number | SIV/P |
| 100 ## - MAIN ENTRY--AUTHOR NAME | |
| Personal name | KERALA SASTHRA SAHITHYA PARISHATH |
| 245 ## - TITLE STATEMENT | |
| Title | PARISTHITHI PARICHAYAKOSHAM |
| Remainder of title | ABOUT ENVIRONMENT |
| 246 ## - VARYING FORM OF TITLE | |
| Title proper/short title | PARISTHITHI PARICHAYAKOSHAM |
| Remainder of title | ABOUT ENVIRONMENT |
| 260 ## - PUBLICATION, DISTRIBUTION, ETC. (IMPRINT) | |
| Place of publication | .KOCHI |
| Name of publisher | KERALA SASTHRA SAHITHYA PARISHATH |
| Year of publication | 2000 |
| 300 ## - PHYSICAL DESCRIPTION | |
| Number of Pages | 220 |
| 520 ## - SUMMARY, ETC. | |
| Summary, etc | ABOUT ENVIRONMENT |
| 650 ## - SUBJECT ADDED ENTRY--TOPICAL TERM | |
| Topical Term | ABOUT ENVIRONMENT |
| 942 ## - ADDED ENTRY ELEMENTS (KOHA) | |
| Koha item type | Books |
| Withdrawn status | Lost status | Collection code | Home library | Current library | Shelving location | Date acquired | Source of acquisition | Cost, normal purchase price | Full call number | Accession Number | Koha item type |
|---|---|---|---|---|---|---|---|---|---|---|---|
| Non-fiction | Main Library | Main Library | SHELF 6 B MALAYALAM QUIZ,RIDDLES,HUMOUR,PAZHAMCHOLLUKAL | 29/11/2002 | Purchase | 250.00 | 894-812 SIV/P | 01088 | Books |